La Crítica de Franz J. Hinkelammert a Friedrich A. Von Hayek . El Marco categorial del pensamiento neoliberal /
La pretensión fundamental de este trabajo consiste en analizar y socializar la crítica que desde América Latina realiza el teólogo F.J Hinkelammert al "jefe de filas" del pensamiento neoliberal el pensador austriaco F. Von Hayek. Con la sagacidad y la seriedad que lo caracterizan, Hinkelam...
Guardado en:
| Autor principal: | |
|---|---|
| Formato: | Texto |
| Materias: | |
| Etiquetas: |
Agregar Etiqueta
Sin Etiquetas, Sea el primero en etiquetar este registro!
|
MARC
| LEADER | 00000 a a2200000 04500 | ||
|---|---|---|---|
| 001 | 14451 | ||
| 003 | |||
| 040 | |||
| 100 | |a Azofeifa Sánchez, Yohnny | ||
| 245 | |a La Crítica de Franz J. Hinkelammert a Friedrich A. Von Hayek . El Marco categorial del pensamiento neoliberal / |c Yohnny Azofeifa Sánchez | ||
| 520 | |a La pretensión fundamental de este trabajo consiste en analizar y socializar la crítica que desde América Latina realiza el teólogo F.J Hinkelammert al "jefe de filas" del pensamiento neoliberal el pensador austriaco F. Von Hayek. Con la sagacidad y la seriedad que lo caracterizan, Hinkelammert desnuda y pone en evidencia el carácter espurio e ideológico en que descansan los presupuestos epistemológicos y metodológicos del marco categorial neoliberal, así como el marcado antihumanismo de su ética depredadora que bajo un ropaje científicista tantos estragos ha causado en nuestras sociedades | ||
| 650 | |a INTELECTUALES | ||
| 650 | |a NEOLIBERALISMO | ||
| 650 | |a LIBERALISMO | ||
| 650 | |a ECONOMIA DE MERCADO | ||
| 650 | |a DESIGUALDAD ECONOMICA | ||
| 650 | |a CONSERVATISMO | ||
| 650 | |a INTEGRACION SOCIAL | ||
| 773 | |g número 100 (II); páginas 133-146 | ||
| 999 | |c 33485 |d 33485 | ||
| 773 | 0 | |0 18728 |9 3037 |a Universidad de Costa Rica |d San José, Costa Rica Editorial UCR 1956- |o 17128 |t Revista de Ciencias Sociales/ |x 04825276 | |
